书目信息 |
| 题名: |
经典散文
|
|
| 作者: | 利生 主编 | |
| 分册: | ||
| 出版信息: | 呼和浩特 远方出版社 2009.12 |
|
| 页数: | 294页 | |
| 开本: | 24cm | |
| 丛书名: | 中学生经典美文赏读 | |
| 单 册: | ||
| 中图分类: | I106.6 | |
| 科图分类: | ||
| 主题词: | 诗歌评论--shi ge ping lun--世界--中学--课外读物 , 文学--世界 | |
| 电子资源: | ||
| ISBN: | 978-7-80723-475-3 | |
| 000 | 00773nam 2200241 450 | |
| 001 | CALB01201100688684m | |
| 005 | 20111228170915.35 | |
| 010 | @a978-7-80723-475-3@dCNY29.80@z7-80723-475-X | |
| 100 | @a20100607d2009 de y0chiy50 ea | |
| 101 | 0 | @achi |
| 102 | @aCN@b150000 | |
| 105 | @ay z 000yy | |
| 200 | 1 | @a经典散文@Ajing dian san wen@f利生主编 |
| 210 | @a呼和浩特@c远方出版社@d2009.12 | |
| 215 | @a294页@c图@d24cm | |
| 225 | 2 | @a中学生经典美文赏读@Azhong xue sheng jing dian mei wen shang du |
| 410 | 0 | @12001 @a中学生经典美文赏读 |
| 606 | 0 | @a诗歌评论@Ashi ge ping lun@y世界@x中学@j课外读物 |
| 606 | 0 | @a文学@x世界 |
| 690 | @aI106.6@v4 | |
| 701 | 0 | @a利生@Ali sheng@4主编 |
| 801 | 0 | @aCN@bZZRC@c20111228 |
| 905 | @a郑州市财税学校图书馆@dI106.6@eL367@f2 | |
| 经典散文/利生主编.-呼和浩特:远方出版社,2009.12 |
| 294页:图;24cm.-(中学生经典美文赏读) |
| ISBN 978-7-80723-475-3:CNY29.80 |
| ● |
| 相关链接 |
|
|
|
正题名:经典散文
索取号:I106.6/L367
 
预约/预借
| 序号 | 登录号 | 条形码 | 馆藏地/架位号 | 状态 | 备注 |
| 1 | 1184098 | 211840980 | 社科二线400B/400B社科库 24排3列6层/ [索取号:I106.6/L367] | 在馆 | |
| 2 | 1184099 | 211840999 | 文学库108/108文学库 1排8列5层/ [索取号:I106.6/L367] | 在馆 |